01719nam a2200433Ia 4500001001200000003000800012006001900020007001500039008004100054010001700095020001500112020001500127020001500142020001500157020001500172020001500187020001800202020002600220040002100246035002100267050002400288082001700312100003400329245015100363260004200514300003600556440004300592504006400635533015200699650006100851650005100912650003300963650007600996655002901072700002401101710001701125856012601142999001701268ebr10629267CaPaEBRm u cr cn|||||||||040809s2005 inub sb 001 0 eng d z 2004057633 z0865974543 z0865974551 z086597456X z0865974578 z0865974586 z0865974594 z9780865974579 z9781614878711 (ebook) aCaPaEBRcCaPaEBR a(OCoLC)82373871114aBJ1012b.T82 2005eb04a241/.0432221 aTurnbull, George,d1698-1748.14aThe principles of moral and Christian philosophyh[electronic resource] /cGeorge Turnbull ; edited and with an introduction by Alexander Broadie. aIndianapolis :bLiberty Fund,cc2005. a2 v. in 1 (xvi, 935 p.) :bmap. 0aNatural law and enlightenment classics aIncludes bibliographical references (p. 915-919) and index. aElectronic reproduction.bPalo Alto, Calif. :cebrary,d2011.nAvailable via World Wide Web.nAccess may be limited to ebrary affiliated libraries. 0aChristian ethicsxAnglican authorsvEarly works to 1800. 0aChristianityxPhilosophyvEarly works to 1800. 0aEthicsvEarly works to 1800. 0aNatural lawxReligious aspectsxChurch of EnglandvEarly works to 1800. 7aElectronic books.2local1 aBroadie, Alexander.2 aebrary, Inc.40uhttp://site.ebrary.com/lib/rucke/Doc?id=10629267zAn electronic book accessible through the World Wide Web; click to view c72674d72674